000 00298nam a2200121 i 4500
001 bg
245 0 _aI Krajowe seminarium. Przyrodnicze podstawy wychowania fizycznego.
260 _aKoszalin,
_c1972.
040 _cBPK
041 _apol
942 _cKS
008 s pl f |000 0 pol
999 _c20690
_d20690
856 _uhttp://koha.tu.koszalin.pl/cgi-bin/koha/opac-detail.pl?biblionumber=20690
_yKatalog online BPK